Tableau des médailles olympiques - Montréal 1976 - Statistiques

Statistiques générales
  • Ce quiz a été pris 20 fois
  • Le résultat moyen est 9 sur 12
Statistiques - réponses
Or Argent Bronze Total Pays % Correct
34 25 25 84 États-Unis
100%
40 25 25 90 Allemagne de l’Est
94%
10 12 17 39 Allemagne de l’Ouest
94%
49 41 35 125 Union soviétique
89%
9 6 10 25 Japon
83%
3 5 5 13 Grande-Bretagne
78%
2 7 4 13 Italie
78%
7 6 13 26 Pologne
72%
4 9 14 27 Roumanie
67%
4 5 13 22 Hongrie
56%
6 9 7 22 Bulgarie
39%
6 4 3 13 Cuba
33%
Aucun quiz correspondant
Distribution des résultats
% des personnes avec chaque résultat
Percentile par nombre de réponses
Votre historique - résultats
Vous n’avez pas pris ce quiz